Surface Engineering of C/N/O Functionalized Materials (Record no. 34868)
[ view plain ]
| 000 -LEADER | |
|---|---|
| fixed length control field | 01227nam a2200133Ia 4500 |
| 008 - FIXED-LENGTH DATA ELEMENTS--GENERAL INFORMATION | |
| fixed length control field | 220620s9999||||xx |||||||||||||| ||und|| |
| 020 ## - INTERNATIONAL STANDARD BOOK NUMBER | |
| International Standard Book Number | 9783040000000 |
| 245 #0 - TITLE STATEMENT | |
| Title | Surface Engineering of C/N/O Functionalized Materials |
| 546 ## - LANGUAGE NOTE | |
| Language note | English[eng] |
| 650 ## - SUBJECT ADDED ENTRY--TOPICAL TERM | |
| Topical term or geographic name entry element | distribution of characteristic times||electrical conductivity relaxation||surface exchange coefficient||bulk diffusion coefficient||pressureless sintering||boron carbide||transition metal oxide||multiphase ceramics||solid oxide fuel cells||oxygen reduction electrode||electrocatalytic activity||duplex surface engineering||decarburization||carburization||plasma nitriding||nitriding kinetics||proton-conducting oxide||LaNbO4||NiO||sintering||theoretical calculations||basalt fibers||composites||mechanical properties||surface engineering||polylactic acid||polyethylene glycol||electrospinning||heat-not-burn tobacco||cooling performance||TA2 alloy||cold-rolling deformation||recrystallization||low-temperature nitriding||microstructure||3Cr13 steel||microhardness||corrosion resistance||38CrMoAl steel||modified layer||nanomaterials||PVDF||piezoelectric performance |
| 700 ## - ADDED ENTRY--PERSONAL NAME | |
| Personal name | Zhang, Yanxiang |
| 856 ## - ELECTRONIC LOCATION AND ACCESS | |
| Uniform Resource Identifier | <a href="https://mdpi.com/books/pdfview/book/4761">https://mdpi.com/books/pdfview/book/4761</a> |
| 942 ## - ADDED ENTRY ELEMENTS (KOHA) | |
| Koha item type | E-Books |
| Withdrawn status | Lost status | Damaged status | Not for loan | Home library | Current library | Date acquired | Total Checkouts | Date last seen | Price effective from | Koha item type |
|---|---|---|---|---|---|---|---|---|---|---|
| Kerala University of Digital Sciences, Innovation and Technology Knowledge Centre | Kerala University of Digital Sciences, Innovation and Technology Knowledge Centre | 20/06/2022 | 20/06/2022 | 20/06/2022 | E-Books |